| 000 | 01363nam a22002177a 4500 | ||
|---|---|---|---|
| 003 | OSt | ||
| 005 | 20231212101712.0 | ||
| 008 | 231211s1998 ag ||||| |||| 00| f spa d | ||
| 020 | _a8401479541 | ||
| 040 | _cbesoc | ||
| 100 | 1 |
_aAusten, Jane, _d(1775-1817), _eautor |
|
| 245 | 1 | 3 |
_aLa abadia de Northanger / _cJane Austen ; traducción de Isabel Oyarzábal |
| 250 | _a2a ed. | ||
| 260 |
_aBarcelona : _bPlaza & Janés, _c1998 |
||
| 300 | _a290 p. | ||
| 490 |
_aJet : Biblioteca de Jane Austen ; _v343 |
||
| 505 | _aPublicada originalmente en 1818, la abadía de Northanger narra la historia de Catherine Morland, una joven ingenua y aficionada a la lectura de novelas góticas. Invitada por los Tilney, que erróneamente la consideran una rica heredera, a pasar a una temporada en su casa de campo, se dedicará a investigar tortuosos e imaginarios secretos de familia. Pero cuando finalmente todo se aclare y comprenda que la vida no es una novela, la inocente Catherine pondrá los pies en la tierra y encauzará su futuro según dictan las normas morales y sociales. Ésta es quizá la novela más irónica y divertida de Jane Austen, maestra inigualable en la recreación de retablos sociales con hondo perfil humano. [Nota del editor] | ||
| 650 | 4 |
_aLiteratura británica _vNovela _ySiglo XIX |
|
| 700 | 1 |
_aOyarzábal, Isabel, _etraductor |
|
| 942 |
_2udc _cOG _n0 |
||
| 999 |
_c158 _d158 |
||